Statistics for Naruto Shippuden - Female characters quiz

Click here to take the quiz!

General Stats

  • This quiz has been taken 1,287 times
  • The average score is 14 of 27

Answer Stats

Hint Answer % Correct
Teammate of Shikamaru Nara and Chouji AkimichiIno
92%
First admirer of Naruto's effortsHinata
91%
Come to Konoha as a child to be a jinchurikiKushina
90%
Pink haired girl with sentimental dilemmaSakura
89%
Paper is her weaponKonan
79%
Lover of Asuma SarutobiKurenai
79%
Witnessed death of her loved one and became hemophobicTsunade
76%
Red-haired girl easy to angerKarin
73%
Very patient master of weaponTenten
72%
Jonin with sadistic tendencies and abilities to manipulate snakesAnko
71%
Master of puppets and poisons in SunaChiyo
67%
Assistant of the Fifth HokageShizune
64%
Only kunoichi who has reached the final stage of chuunin examTemari
63%
Elder sister of Kiba InuzukaHana
58%
Deeply loved by her teammate, she dies from the hand of the other oneRin
55%
Second daughter of Hiashi HyugaHanabi
53%
Kage with marriage obsession and kekkei genkaiMei
49%
First jinchuriki of Nine TailsMito
47%
Teammate of KonohamaruMoegi
31%
Flat-chested teammate of OmoiKarui
26%
Granddaughter of OnokiKurotsuchi
21%
Matriarch of Uchiwa clanMikoto
19%
One of the seven swordmen of KirigakureAmeyuri
16%
Captain of a team from KumogakureSamui
14%
Member of the council of KonohaKoharu
7%
Died right after the birth of NarutoBiwako
7%
Suffered the death of her lover before the attack of Suna on KonohaYugao
7%

Score Distribution

Percentile by Number Answered

Percent of People with Each Score

Your Score History

You have not taken this quiz